| 000 | 004850000a22001930004500 | ||
|---|---|---|---|
| 999 |
_c47801 _d47801 |
||
| 001 | 597 | ||
| 003 | CO-MdFUSB | ||
| 005 | 20180910172629.0 | ||
| 008 | 180910b xxu||||| |||| 00| 0 eng d | ||
| 020 | _a1405 02048 2 | ||
| 040 | _cCO-MdBIC | ||
| 082 | 0 | 4 | _a813C D71sh |
| 100 | 1 | _aDonaldson, Julia | |
| 245 | 1 | 0 | _aSharing a Shell / Julia Donaldson, il. : Lydia Monks |
| 260 | _aLondon : Macmillan Childrens | ||
| 300 | _a[ 28 p. ] | ||
| 650 | 1 | 4 | _aLiteratura infantil |
| 942 | _cLGB | ||